| 000 | 01370cab a22002415a 4500 | ||
|---|---|---|---|
| 001 | L140736 | ||
| 008 | 071009e20071006xxka f 000 0 eng d | ||
| 035 | _a(Sirsi) u140736 | ||
| 041 | 0 | _aeng | |
| 100 | 1 | _aDesai, Tina | |
| 245 | 0 | 0 | _aDedicated to the cause |
| 260 | _c2007 | ||
| 490 |
_aEstates Gazette _v(0740) 6 October 2007, 260-262(3) |
||
| 520 | _aInterview with Siobhan McGrath, the senior president of the Residential Property Tribunal Service (RPTS). Includes an overview of the work and organisation of the RPTS. Covers the tribunal service regions, the constitution of panels and the enforceability of decisions. Describes recent changes to the RPTS workload, including the introduction of 53 new jurisdictions. Explains the anticipated effect on the RPTS of changes in service charges and other proposals. Also discusses the possible effect of proposed changes contained in a Law Commission consultation paper (L138746). | ||
| 590 | _aKA | ||
| 650 | 2 | 4 | _aHOUSING ACT 2004 |
| 650 | 2 | 4 | _aEARL CADOGAN AND ANOTHER V SPORTELLI AND ANOTHER |
| 650 | 2 | 4 | _aTRIBUNALS, COURTS AND ENFORCEMENT ACT 2007 |
| 650 | 2 | 4 | _aLEASEHOLD AND REFORM ACT 2002 S168 |
| 651 | 4 |
_aEngland and Wales _y1543- |
|
| 690 | _aMANAGEMENT-DISPUTE AVOIDANCE, MANAGEMENT AND RESOLUTION-DISPUTE MANAGEMENT AND RESOLUTION-TRIBUNALS-RESIDENTIAL PROPERTY TRIBUNAL SERVICE | ||
| 942 | _n0 | ||
| 999 |
_c79327 _d79327 |
||